000 00450nam a2200169Ia 4500
999 _c31788
_d31788
003 OSt
005 20260101164152.0
008 250310s9999||||xx |||||||||||||| ||und||
040 _beng
_cIMU-KC
082 _a823
_bB5751
100 _96427
_aBhagat,Chetan
245 0 _aOne Night @ The Call Center /
_cBy Chetan Bhagat.
260 _aNew Delhi :
_bRupa Publication,
_cc 2005.
300 _a257 p.
650 0 _94807
_aEnglish Fiction
942 _cBK
_2ddc